000 00353nam a2200157 4500
008 190329s1995||||xo d
100 1 _aStoppardová Miriam
_91016
245 1 0 _aMenopauza
250 _a1.vydanie
260 _bINA
_aBratislava
_c1995
300 _a224 s.
020 _a224 s.
041 1 _aslo
044 _axo
_cSK
958 _aAPR
999 _c22286
_d22286